000 00480nam a2200193Ia 4500
003 0100
008 130303s9999 xx 000 0 und d
040 _cARRUPELIB
050 _aHX56.F8131963
245 _aFundamentals of Marxism-Leninism, manual
250 _a2nd rev.
260 _aMoscow
260 _bForeign Languages Publishing House
260 _C1963
300 _a734 p.
300 _b 22 cm
700 _aedited by Clemens Dutt , Dutt, Clemens
942 0 0 _01
999 _c42650
_d42650